Las superposiciones mineras: de las concesiones mineras. Derecho de Minería y de las superposiciones mineras. Legislación comparada. Jurisprudencia

-д хадгалсан:
Номзүйн дэлгэрэнгүй
Үндсэн зохиолчид: Araya Garetto, Favia (Зохиогч), Silva Loyola, César (Зохиогч)
Формат: Ном
Хэл сонгох:испани
Хэвлэсэн: Santiago El Jurista 2011
Хэвлэл:1a. ed
Нөхцлүүд:
Шошгууд: Шошго нэмэх
Шошго байхгүй, Энэхүү баримтыг шошголох эхний хүн болох!

MARC

LEADER 00000cam a2200000 a 4500
001 UCG8562
003 CL-VaPUC
008 111216e20110000CL |||||||||||||||||spa|d
020 |a 9789568839192 
082 0 4 |a 346.04685  |b ARA  |2 21 
100 0 |a Araya Garetto, Favia  |e author  |9 559641 
700 0 |a Silva Loyola, César  |e author  |9 559642 
245 1 4 |a Las superposiciones mineras: de las concesiones mineras. Derecho de Minería y de las superposiciones mineras. Legislación comparada. Jurisprudencia 
250 |a 1a. ed 
300 |a 266 p 
942 |c BK 
945 |d 20111216 00:00:00  |a dcastane 
260 |a Santiago  |b El Jurista  |c 2011 
650 0 |a Concesiones mineras  |9 256334 
650 0 |a Contratos mineros  |9 344920 
650 0 |a Derecho de minería  |9 344919 
650 7 |a JURISPRUDENCIA MINERA  |2 CL-VaPUC  |9 392522 
583 |a last modification  |c 20111216 11:30:00  |k Rodrigo Vera 
999 |c 346169  |d 346167 
952 |0 0  |1 0  |4 0  |6 346_046850000000000_ARA_2011  |7 0  |8 A  |9 446747  |a BIBDER  |b BIBDER  |d 2019-11-22  |i 4816021  |o 346.04685 ARA 2011  |p 4816021  |r 2023-01-25  |w 2019-11-22  |y BK  |k DER